| 000 | 00379nam a22001457a 4500 | ||
|---|---|---|---|
| 999 |
_c11537 _d11537 |
||
| 003 | OSt | ||
| 008 | 220919b ||||| |||| 00| 0 eng d | ||
| 020 | _a9789386830005 | ||
| 100 | _aMEHROTRA, H.C. and AGARWAL, V.P. | ||
| 245 | _aGoods and Services Tax (G.S.T.) | ||
| 260 |
_aAgra _bSahitya Bhawan Publication _c2022 |
||
| 300 | _a340 p. | ||
| 650 | _aB.Com. | ||
| 942 |
_2ddc _cBK _05 |
||